000 00983nam a2200229 a 4500
001 000010135
005 20240412074215.0
008 091005s1987 dr 000 j spa d
040 _aDO-SdBNP
_bspa
_cBNPHU
082 _aRD863.44
_bC764e
100 1 _aContreras, Hilma,
_d1913-2006
_914873
245 1 0 _aEntre dos silencios /
_cHilma Contreras.
260 _aSanto Domingo :
_bTaller,
_c1987.
300 _a129 p. ;
_c21 cm.
490 1 _aBiblioteca Taller
_v241
505 2 _tPlenitud --
_tLa cabellera --
_tEl cumpleaños de Vitalina --
_tEl incendio --
_tCanícula --
_tLa espera --
_tArgonautas --
_tLa ventana --
_tGaletea --
_tUna visita --
_tEl entierro de Marisol --
_tMire, mamita --
_tCatador --
_tAhora seremos felices --
_tEl hombre que murió frente al mar --
_tSimplón.
590 _aInventariado, 2020/VM
650 0 _aCuentos dominicanos
_9176
650 0 _aLiteratura dominicana.
_967
830 0 _aBiblioteca Taller
_v241
_9164
910 _aValidado. Control de calidad MMPOLINA
999 _c9894
_d9894